[Event "28th WSCC Open 50 2018"]
[Site "Bled"]
[Date "2018.11.19"]
[Round "2"]
[White "Porper, Edward"]
[Black "Chapman, Terry P D"]
[Result "1-0"]
[WhiteElo "2377"]
[BlackElo "2172"]
[Annotator "TA"]
[PlyCount "95"]
[EventDate "2018.11.17"]
[EventType "swiss"]
[EventCountry "SLO"]
[SourceTitle "playchess.com"]
[Source "ChessBase"]
[SourceQuality "1"]

{[%evp 13,95,42,50,31,36,20,9,24,79,95,85,100,106,104,117,107,143,151,140,132,154,149,180,162,160,167,204,200,209,173,185,144,144,144,145,145,152,147,139,130,152,139,139,126,166,171,164,171,171,164,177,168,170,171,226,226,210,218,228,197,208,168,175,172,169,172,181,185,214,282,282,281,282,239,216,197,557,554,539,529,510,479,464,270]} 1. d4 d6 2. Nf3 g6 3. c4 Bg7 4. e4 Bg4 5. Be2 Nc6 6. Nbd2 e5 7. d5 {A41: 1 d4 d6: Tartakower System and Modern Defence} Nce7 {LiveBook: 24 Games} 8. Qb3 (8. h3 Bd7 9. c5 dxc5 10. Nc4 f6 11. d6 Nc8 12. Be3 b6 13. O-O Bc6 14. dxc7 Qxc7 {1-0 (25) So,W (2773)-Kasparov,G (2812) Saint Louis 2016}) 8... b6 9. Nxe5 {White is slightly better.} Bxe2 10. Qa4+ {[#]} c6 $146 (10... b5 $1 $11 11. Qxb5+ Kf8 12. Nd7+ Ke8 13. Nf6+ {[%mdl 64] Discovered Attack (Double check)} Kf8 14. Nxg8 Nf5 15. exf5 Rb8) ({Predecessor:} 10... b5 11. Qxb5+ Kf8 12. Nd7+ Ke8 13. Nf6+ Kf8 14. Nxg8 Nf5 15. exf5 {0-1 (36) Vadasz,L (2505)-Adorjan,A (2515) Hungary 1978}) 11. Nxc6 $16 {[%mdl 64] Double Attack} Qd7 12. Kxe2 Rc8 {[%cal Re7c6]} 13. Re1 Nxc6 14. dxc6 Qxc6 15. Qxc6+ ({Not} 15. Qxa7 $2 Ra8 $19) 15... Rxc6 16. Rb1 Ne7 17. b3 Kd7 18. Bb2 Bxb2 19. Rxb2 f5 20. Kf1 Rf8 21. Nf3 Rc5 22. Rd2 {And now b4 would win.} fxe4 23. Rxe4 Nc6 24. Ne1 Re5 25. Rxe5 Nxe5 {[%mdl 4096] Endgame KRN-KRN} 26. Nc2 g5 27. Nd4 a6 28. Ne2 g4 29. Nc3 Kc6 30. Ne4 Rd8 31. Ke2 b5 32. cxb5+ axb5 33. Ke3 Ng6 (33... h6 {is a better defense.} 34. Re2 Kd7) 34. Nf6 $18 h5 35. Rc2+ Kb7 36. Ke4 Nh4 37. Nxh5 Nxg2 38. Kf5 Ne1 39. Re2 Nf3 {Strongly threatening ...Nd4+.} 40. Kxg4 Nxh2+ {[#]} 41. Kg3 $1 Rg8+ 42. Kxh2 {KRN-KR} Rh8 43. Rc2 Rxh5+ 44. Kg3 Kb6 $2 (44... Rg5+ {is tougher.} 45. Kf4 Rg8) 45. f4 {[%cal Bf2f4,Bf4f5][%mdl 32] White is clearly winning.} d5 46. Kg4 Rh1 47. f5 Rf1 {Now ...b4 and Black clings on.} 48. b4 {Accuracy: White = 85%, Black = 43%.} 1-0

[Event "28th WSCC Open 50 2018"]
[Site "Bled"]
[Date "2018.11.19"]
[Round "2"]
[White "Berend, Fred"]
[Black "Kranzl, Peter"]
[Result "1/2-1/2"]
[WhiteElo "2369"]
[BlackElo "2163"]
[Annotator "TA"]
[PlyCount "101"]
[EventDate "2018.11.17"]
[EventType "swiss"]
[EventCountry "SLO"]
[SourceTitle "playchess.com"]
[Source "ChessBase"]
[SourceQuality "1"]

{[%evp 20,101,56,50,56,-8,-22,-16,0,-68,-63,-100,-94,-85,-85,-85,-88,-76,-77,-109,-61,-94,-46,-49,-42,-52,-57,-59,-36,-45,-51,-39,-39,-66,-22,-21,-29,-47,9,9,9,9,41,0,0,0,19,8,8,8,8,8,8,0,0,0,0,0,0,0,364,337,518,0,0,0,0,0,0,0,0,0,0,0,0,0,0,0,0,0,0,0,0,0]} 1. d4 Nf6 2. Nf3 g6 3. c4 c5 4. Nc3 cxd4 5. Nxd4 Bg7 6. e4 O-O 7. Be2 d6 8. O-O Nc6 9. Be3 Nxd4 10. Bxd4 Bd7 11. Re1 Bc6 {B38: Sicilian: Maroczy Bind with 5...Bg7 and 7...0-0} 12. Bf1 (12. Qc2 $14) 12... e5 $11 13. Be3 Nxe4 {[#]} 14. Nd5 $146 (14. Nxe4 $11 Bxe4 15. Qd2) ({Predecessor:} 14. Nxe4 Bxe4 15. Bg5 Qxg5 16. Rxe4 Qe7 17. Qd5 Kh8 18. Rd1 Rad8 19. Re2 {½-½ (73) Rustemov,A (2593)-Vokarev,S (2516) Sochi 2004}) 14... f5 $15 15. Re2 Qd7 16. f3 Nf6 17. Nxf6+ Bxf6 18. Rd2 Rfd8 19. b4 {Hoping for b5.} b6 20. Qb3 {Black must now prevent b5.} Kg7 21. b5 Bb7 {[%cal Bc6b7,Bb7c8,Bc8e6,Be6d5][%mdl 32]} 22. Rad1 Qc7 23. a4 Bc8 24. a5 Be6 25. Ra2 bxa5 26. Qa4 f4 27. Bf2 d5 28. cxd5 $1 Rxd5 ({Black should try} 28... Bxd5 $15 29. Raa1 h5) 29. Rxd5 $11 Bxd5 30. Qxa5 Qb7 {[#]} (30... Qd8 {is more complex.} 31. Ra4 Qxa5 32. Rxa5 Bb7 33. Rxa7 Rxa7 34. Bxa7 Bd5) 31. Qxa7 $1 {[%mdl 512]} Rxa7 32. Rxa7 e4 (32... Qf7 {looks sharper.} 33. Rxf7+ Kxf7 34. Bd3 Ke6 35. Ba7 Bh4) 33. Rxb7+ Bxb7 34. fxe4 Bxe4 {[%mdl 4096] Endgame KBB-KBB} 35. b6 Be5 36. Be2 (36. g3 {with more complications.} g5 37. Bg2 f3 38. Bf1 Bb7 39. Bb5) 36... Kf7 37. Bf3 Bxf3 38. gxf3 {KB-KB} Ke6 39. Kg2 Bb8 $2 {[%mdl 8192]} (39... h5 $11 {and Black is okay.}) 40. Kh3 $18 Kf5 {[#]} (40... Kd5 $142 41. Kg4 h6) 41. Kg2 $2 ({Only move:} 41. Kh4 $1 $18 {b7 is the strong threat.} h6 42. b7) 41... g5 $11 {The position is equal.} 42. Bc5 h5 43. h3 g4 44. fxg4+ hxg4 45. hxg4+ Kxg4 46. Be7 Kf5 47. Kf3 Ke6 48. Bg5 Kd7 49. b7 Kc7 50. Bxf4+ Kxb7 51. Ke4 {Accuracy: White = 64%, Black = 60%.} 1/2-1/2

[Event "28th WSCC Open 50 2018"]
[Site "Bled"]
[Date "2018.11.19"]
[Round "2"]
[White "Cummings, David H."]
[Black "Haessel, Dale R."]
[Result "1-0"]
[WhiteElo "2331"]
[BlackElo "2155"]
[Annotator "TA"]
[PlyCount "73"]
[EventDate "2018.11.17"]
[EventType "swiss"]
[EventCountry "SLO"]
[SourceTitle "playchess.com"]
[Source "ChessBase"]
[SourceQuality "1"]

{[%evp 9,73,22,45,38,39,20,56,17,54,30,62,41,53,54,53,37,37,36,70,65,66,46,54,52,43,29,24,10,16,21,38,0,10,10,10,10,12,10,16,13,69,0,0,0,0,0,0,0,6,13,0,0,83,111,200,200,214,216,198,194,230,20,20,24,364,330]} 1. Nf3 Nf6 2. c4 g6 3. Nc3 d5 4. cxd5 Nxd5 5. h4 Bg7 6. e4 {A16: English Opening: 1...Nf6 with ...d5} Nxc3 7. dxc3 Qxd1+ 8. Kxd1 {White is slightly better.} Nc6 $146 ({Predecessor:} 8... e5 9. Be3 Bg4 10. Be2 Nd7 11. Nd2 Bxe2+ 12. Kxe2 h5 13. a4 {0-1 (53) Gordievsky,D (2615)-Sarana,A (2641) Sochi 2018}) 9. Be3 e5 10. Kc2 f6 11. Bc4 Na5 12. Be2 Be6 13. Nd2 Kf7 14. b4 Nc6 15. Bc4 Nd8 16. a4 h5 17. Rhd1 Bh6 18. Bxe6+ Kxe6 19. Bxh6 Rxh6 20. Nc4 Rh7 21. Rd5 Rd7 22. Rad1 Rxd5 23. exd5+ $11 {[%mdl 4096] Endgame KRN-KRN} Kd7 24. Ne3 a5 (24... Nf7 $11) 25. Kb3 (25. d6 $1 $14) 25... axb4 26. cxb4 Nf7 27. a5 Nd6 28. Nc4 Nf5 29. g3 Nd4+ 30. Kb2 Nb5 {[#]} (30... Rd8 $11 {keeps the balance.}) 31. d6 $1 $16 Rf8 (31... Rd8 $16) 32. dxc7+ $18 Kxc7 {[#]} 33. Rd5 $1 {[%cal Rd5b5]} Nd4 34. b5 Ne6 35. b6+ $2 (35. Kb3 $18) 35... Kc6 $11 36. Rd6+ Kb5 $2 {[%mdl 8192]} (36... Kc5 $11 {and Black stays safe.} 37. Rxe6 Kxc4) 37. Na3+ {Accuracy: White = 69%, Black = 32%.} ({Not} 37. Rxe6 Kxc4 38. Re7 Kb5 $14) 1-0

[Event "28th WSCC Open 50 2018"]
[Site "Bled"]
[Date "2018.11.19"]
[Round "2"]
[White "Habibi, Ali"]
[Black "Movsziszian, Karen"]
[Result "0-1"]
[WhiteElo "2237"]
[BlackElo "2513"]
[Annotator "TA"]
[PlyCount "80"]
[EventDate "2018.11.17"]
[EventType "swiss"]
[EventCountry "SLO"]
[SourceTitle "playchess.com"]
[Source "ChessBase"]
[SourceQuality "1"]

{[%evp 10,80,23,16,32,37,44,30,48,28,46,19,22,0,19,15,104,39,50,0,0,-13,19,0,-16,-58,-45,-100,-70,-83,-92,-166,-141,-193,-193,-259,-250,-256,-241,-240,-214,-210,-191,-246,-233,-237,-221,-245,-251,-264,-275,-345,-346,-360,-366,-356,-353,-420,-420,-408,-384,-373,-386,-372,-383,-358,-329,-360,-356,-500,-480,-29986,-29987]} 1. c4 g6 2. Nf3 Bg7 3. d4 d6 4. Nc3 Nd7 5. e3 {[%cal Be2e3,Be3e4][%mdl 32]} e5 6. Be2 Nh6 {A41: 1 d4 d6: Tartakower System and Modern Defence} 7. dxe5 $146 ({Predecessor:} 7. b3 O-O 8. Bb2 Re8 9. Qc2 f5 10. h3 Nf7 11. O-O-O e4 12. Nd2 Nf6 13. Nd5 c6 14. Nxf6+ Bxf6 {½-½ (30) Glavas,D (2242)-Jovanic,O (2448) Zadar 2015}) 7... dxe5 8. e4 O-O {White has an edge.} 9. O-O c6 10. h3 Qe7 11. Rb1 f5 12. b4 f4 {[#]} (12... Nf7 $11 {remains equal.}) 13. c5 (13. b5 $1 $16) 13... Kh8 14. Qd3 Nf7 15. Rd1 Nf6 16. Bb2 g5 17. Nh2 h5 $1 18. f3 ({Better is} 18. Nf3 $15) 18... Be6 19. Qc2 Bh6 20. Rd2 (20. Rd3 $17) 20... Rg8 $19 21. Qd1 (21. Rf1 $17) 21... Rg6 22. Rd6 (22. Nd5 $142 cxd5 23. exd5) 22... Nxd6 23. cxd6 Qf8 24. Na4 Nd7 25. Nc5 Bg7 26. Qd2 (26. a4 $142) 26... b6 {[%cal Bb7b6,Bb6b5][%mdl 32]} 27. Nxe6 Rxe6 28. Rd1 Rd8 29. Bc4 Rg6 30. Qd3 b5 31. Bb3 Nb6 {[%cal Rg6d6]} 32. Qc2 Rgxd6 ({Much less strong is} 32... Rdxd6 33. Rc1 $19) 33. Rxd6 Qxd6 ({Less strong is} 33... Rxd6 34. Nf1 $19) 34. Nf1 Nd7 35. Kh2 g4 36. fxg4 hxg4 37. hxg4 Nf6 38. g5 Nh7 39. g6 (39. Qe2 {was called for.} Qg6 40. Kg1) 39... Qxg6 40. Nd2 {[#]} (40. Qe2 $19 Ng5 41. Nd2) 40... Qg3+ {Accuracy: White = 37%, Black = 72%.} 0-1

[Event "28th WSCC Open 50 2018"]
[Site "Bled"]
[Date "2018.11.19"]
[Round "2"]
[White "Ernst, Michael"]
[Black "Danielsen, Henrik"]
[Result "0-1"]
[WhiteElo "2197"]
[BlackElo "2504"]
[Annotator "TA"]
[PlyCount "133"]
[EventDate "2018.11.17"]
[EventType "swiss"]
[EventCountry "SLO"]
[SourceTitle "playchess.com"]
[Source "ChessBase"]
[SourceQuality "1"]

{[%evp 9,133,10,13,18,19,16,33,30,30,31,39,30,34,32,42,10,16,22,32,19,56,-12,-22,-65,-70,-77,-76,-143,-71,-215,-201,-210,-200,-189,-193,-187,-202,-245,-239,-232,-239,-283,-256,-266,-251,-260,-251,-265,-250,-248,-252,-243,-237,-266,-218,-219,-219,-208,-206,-210,-210,-221,-220,-241,-222,-231,-150,-169,-158,-156,-141,-194,-174,-174,-174,-175,-174,-159,-154,-145,-149,-184,-184,-184,-184,-195,-195,-266,-195,-195,-190,-195,-195,-274,-273,-313,-295,-277,-188,-183,-167,-413,-407,-414,-414,-410,-406,-376,-368,-338,-316,-806,-815,-29979,-29980,-29980,-29981,-29980,-29981,-29982,-29983,-29983,-29984,-29984,-29985,-29987]} 1. d4 c6 2. c3 Nf6 3. Bf4 d6 4. Nf3 Qb6 5. Qb3 Be6 6. Qc2 {A46: 1 d4 Nf6 2 Nf3 e6: Torre, London and Colle Systems} g6 7. Nbd2 d5 8. h3 $146 {White is slightly better.} ({Predecessor:} 8. e3 Bf5 9. Qb3 Bg7 10. Be2 O-O 11. O-O Nbd7 12. c4 {½-½ (60) Kiss,B (1964)-Simonyi,Z (2205) Hungary 2015}) 8... Nbd7 9. e3 Bg7 10. Be2 O-O 11. O-O c5 12. Ne5 Rac8 13. Qb3 Rfd8 14. Ndf3 c4 15. Qa3 ({White should play} 15. Qxb6 $14 axb6 16. Ng5) 15... Ne4 $11 16. Rfc1 f6 17. Nxd7 Bxd7 18. Kf1 ({White should try} 18. Rab1) 18... e6 (18... Bb5 $142 {...e5! is the strong threat.} 19. Bh2 {[#]} e5 $1 {[%mdl 512]}) 19. Rab1 (19. b3 $17) 19... Bf8 $19 20. b4 {[#]} a5 $1 {[%mdl 512]} 21. Qxa5 Qxa5 22. bxa5 Ba3 23. Re1 Bc6 ({Less strong is} 23... Nxc3 24. Rxb7 Ra8 25. Nd2 $15) 24. Rb6 Ra8 25. Bd1 g5 26. Bh2 Rxa5 27. Bc2 Nxc3 28. Rxc6 bxc6 29. Bc7 Rda8 30. Bxa5 Rxa5 31. e4 Nxe4 32. Bxe4 dxe4 33. Rxe4 {[%mdl 4096] Endgame KRB-KRN} Kf7 34. Re2 c3 35. Ne1 Bb2 36. Rc2 Rxa2 37. Ke2 Ra1 38. Nd3 Ra4 39. Ke3 Ba1 40. f4 (40. Nc5 $17 Ra8 41. Kd3) 40... h6 41. fxg5 hxg5 42. Nc5 Ra3 43. Ne4 Bb2 44. Kd3 Ke7 45. Kc4 Ra4+ 46. Kd3 Ra1 47. Nxc3 Bxc3 48. Kxc3 {KR-KR} (48. Rxc3 $142 Kd6 49. Rc2) 48... Rd1 49. Kc4 Kd6 50. Rf2 f5 51. Re2 (51. Ra2 $142) 51... Ra1 52. Kd3 Ra3+ 53. Kc4 Rg3 54. Rf2 Re3 55. Rd2 $2 (55. Ra2) 55... Re4 56. Kc3 Kd5 57. Rd3 Rh4 58. Rg3 g4 59. Re3 gxh3 60. gxh3 $2 (60. Re5+ Kd6 61. gxh3) 60... Rxd4 61. Rxe6 Rc4+ {[%mdl 64] Zwischenzug. Black mates.} 62. Kd3 Kxe6 63. Kxc4 Ke5 64. h4 Kf4 ({Worse is} 64... f4 65. Kd3 $11) 65. Kd4 Kg4 66. Ke5 f4 67. Kd4 {Accuracy: White = 41%, Black = 64%.} 0-1

[Event "28th WSCC Open 50 2018"]
[Site "Bled"]
[Date "2018.11.19"]
[Round "2"]
[White "Grant, Jonathan I M"]
[Black "Soffer, Ram"]
[Result "0-1"]
[WhiteElo "2192"]
[BlackElo "2472"]
[Annotator "TA"]
[PlyCount "64"]
[EventDate "2018.11.17"]
[EventType "swiss"]
[EventCountry "SLO"]
[SourceTitle "playchess.com"]
[Source "ChessBase"]
[SourceQuality "1"]

{[%evp 12,64,10,-36,-9,-16,-5,-16,-2,-14,-10,-10,-10,-10,-13,-17,-8,-40,-7,-33,-25,-69,-58,-50,-45,-117,-113,-489,-488,-484,-494,-479,-488,-490,-464,-488,-487,-613,-608,-885,-887,-892,-924,-923,-910,-1181,-1144,-1142,-1135,-1122,-997,-1112,-1092,-1085,-1059]} 1. c4 Nf6 2. Nc3 e5 3. Nf3 Nc6 4. e3 Be7 5. d4 exd4 6. exd4 {A28: English Opening: Four Knights Variation} d5 7. Bg5 {LiveBook: 6 Games} (7. cxd5 Nxd5 8. Bd3 O-O 9. O-O Bg4 10. Be4 Nf6 11. Bxc6 bxc6 12. h3 Bxf3 13. Qxf3 Qxd4 14. Qxc6 Bd6 15. Rd1 Qe5 16. g3 Qf5 17. Kg2 Rab8 18. Qf3 Qxf3+ 19. Kxf3 Be5 20. Rd3 {½-½ (20) Ding,L (2777)-Harikrishna,P (2744) Riadh 2017}) 7... Be6 8. c5 {The position is equal.} Ne4 9. Be3 $146 ({Predecessor:} 9. Bxe7 Qxe7 10. Be2 O-O 11. O-O Qf6 12. Qd3 Rfd8 13. Rad1 Bf5 {0-1 (36) Sgnaolin,D (2137)-Cazzaniga,W (2119) Corsico 2003}) 9... O-O 10. Bb5 Nxc3 11. bxc3 Na5 12. O-O Nc4 13. Bf4 b6 {[%cal Bb7b6,Bb6c5][%mdl 32]} 14. Bc6 Rb8 15. Qa4 bxc5 16. Qxa7 Bd6 17. Bg5 f6 $36 {[%mdl 2048] Black has some pressure.} 18. Bh4 (18. Rfe1 $1 $15) 18... Rb6 $17 19. Ba4 $2 {[%mdl 8192] [#]} (19. dxc5 $17 {was the crucial defense.} Bxc5 20. Qa4) 19... Qc8 $1 $19 {Black is clearly winning.} 20. dxc5 Ra6 21. Qxa6 Qxa6 22. cxd6 Qxa4 23. dxc7 {[#]} Nd2 $1 {[%mdl 512]} 24. Bg3 (24. Nxd2 Qxh4) 24... Nxf1 25. Kxf1 Qc4+ 26. Kg1 Qxc3 27. Re1 Bg4 28. Re7 Qc5 29. Re1 Bxf3 30. gxf3 Rc8 31. Rd1 Kf7 32. a4 Ke6 {Precision: White = 41%, Black = 81%.} 0-1

[Event "28th WSCC Open 50 2018"]
[Site "Bled"]
[Date "2018.11.19"]
[Round "2"]
[White "Chan, Peng Kong"]
[Black "Kalegin, Evgenij"]
[Result "0-1"]
[WhiteElo "2169"]
[BlackElo "2413"]
[Annotator "TA"]
[PlyCount "82"]
[EventDate "2018.11.17"]
[EventType "swiss"]
[EventCountry "SLO"]
[SourceTitle "playchess.com"]
[Source "ChessBase"]
[SourceQuality "1"]

{[%evp 14,82,23,22,24,28,39,24,22,10,12,6,15,11,13,2,8,-24,1,-40,32,29,20,-57,-60,-63,-85,-76,-48,-126,-114,-174,-154,-214,-211,-233,-115,-212,-69,-91,-73,-316,65,79,120,-218,-229,-184,-7,0,-15,-126,-140,-157,-153,-130,-143,-99,-106,-122,-104,-274,-275,-228,-182,-378,-388,-1413,-1336,-536,-333]} 1. c4 e5 2. g3 Nc6 3. Nc3 Bb4 4. Nd5 Bc5 5. Bg2 Nge7 6. e3 {A25: English Opening vs King's Indian with ...Nc6 but without early d3} (6. Nf3 O-O 7. O-O d6 8. e3 a6 9. b3 Bg4 10. h3 Bh5 11. g4 Bg6 12. d4 exd4 13. exd4 {½-½ (28) Svidler,P (2760)-Nepomniachtchi,I (2751) Moscow 2018}) 6... Nxd5 7. cxd5 Ne7 8. Ne2 {LiveBook: 9 Games. White has an edge.} c6 9. Nc3 d6 10. a3 $146 ({Predecessor:} 10. O-O O-O 11. d4 Bb6 12. dxc6 bxc6 {0-1 (25) Gunter,D (2145)-Lalic,S (2405) St Helier 1997}) 10... O-O 11. O-O cxd5 12. d4 Bb6 13. Nxd5 Nxd5 14. Bxd5 Qe7 15. Kg2 Bf5 16. Qf3 Bd3 (16... Qd7 $15 17. Bxb7 Rab8) 17. Rd1 e4 18. Qf4 (18. Qg4 $11) 18... Be2 $15 19. Re1 Bf3+ $1 20. Kg1 Kh8 (20... Rae8 $5 {[%cal Re7d7]}) 21. Bd2 (21. Qf5 $15) 21... f5 $1 $17 22. Bb4 (22. Qh4 $17 Qxh4 23. gxh4) 22... Rad8 $19 {...a5 is the strong threat.} 23. Qe5 (23. a4 $17 {keeps fighting.} a5 24. Ba3) 23... Qg5 $1 (23... dxe5 24. Bxe7 Rxd5 25. Bxf8 $11) (23... Qxe5 24. dxe5 dxe5 25. Bxf8 $14) 24. Qf4 Qf6 (24... Qh5 $1 $19 {[%cal Rh5h3] is more deadly.} 25. h4 Rf6) 25. Qh4 (25. h4 $17 {was the only defense.}) 25... g5 (25... Qxh4 $19 26. gxh4 Rf6) 26. Qh3 $15 Qg7 27. Be6 $2 (27. Bb3 $17) 27... Bg4 $2 (27... a5 $19 28. Bd2 d5 29. Bxf5 g4 30. Qxh7+ (30. Qh5 $2 Rd6 $19) 30... Qxh7 31. Bxh7 Kxh7) 28. Qf1 $1 $14 a5 {[#]} 29. h3 $2 {[%mdl 8192] [#]} (29. Bc3 $1 $16 {is forced if you want to stay better. And now d5 would win.} d5 30. Qb5) 29... Bf3 $1 $19 30. Qb5 axb4 $2 (30... Qh6 $19 31. Bxd6 Qxe6 32. Bxf8 Rxf8) 31. Qxb6 $11 f4 32. d5 ({Don't go for} 32. Qxb4 $2 d5 $19) (32. axb4 $11 {remains equal.} fxg3 33. fxg3) 32... fxg3 $17 ({Reject} 32... Qxb2 $6 33. Qxb4 Qe5 34. exf4 $11) 33. fxg3 Qxb2 $40 {[%csl Gf3][%cal Rb2g2][%mdl 128] Black attacks with force.} 34. Qd4+ Qxd4 35. exd4 bxa3 36. Rxa3 Ra8 37. Rea1 $2 (37. Rxa8 $17 Rxa8 38. Bg4) 37... Rxa3 $19 38. Rxa3 Be2 39. Ra2 $2 (39. g4 {might work better.}) 39... Bc4 40. Rb2 $2 (40. Rf2 Ra8 41. Rc2) 40... e3 41. Bg4 Bxd5 {Accuracy: White = 12%, Black = 41%.} 0-1

[Event "28th WSCC Open 50 2018"]
[Site "Bled"]
[Date "2018.11.19"]
[Round "2"]
[White "Dougherty, Michael"]
[Black "Van der Werf, Mark"]
[Result "1-0"]
[WhiteElo "2155"]
[BlackElo "2402"]
[Annotator "TA"]
[PlyCount "111"]
[EventDate "2018.11.17"]
[EventType "swiss"]
[EventCountry "SLO"]
[SourceTitle "playchess.com"]
[Source "ChessBase"]
[SourceQuality "1"]

{[%evp 11,111,18,21,20,39,18,26,19,27,22,37,33,47,36,68,56,79,16,72,69,74,66,121,122,164,157,189,160,172,-16,-14,-31,-53,-48,-12,-17,-20,-10,0,-1,31,14,39,23,210,180,375,265,410,350,385,385,441,412,349,217,816,408,394,283,1998,1233,29988,769,29989,637,635,612,625,611,571,556,552,546,546,531,552,531,617,602,613,620,685,687,685,685,794,780,4133,4133,4133,4133,4133,4129,29973,29973,29973,29974,29976,29977,29978,29979]} 1. d4 Nf6 2. Nf3 c5 3. c3 e6 4. Bg5 Be7 5. Nbd2 b6 6. e4 {A46: 1 d4 Nf6 2 Nf3 e6: Torre, London and Colle Systems} h6 {LiveBook: 3 Games} (6... Bb7 7. Bd3 O-O 8. O-O d6 9. Re1 Nbd7 10. Qe2 h6 11. Bf4 a6 12. Rad1 Qc7 13. h3 e5 14. Bh2 Rfe8 15. a4 Bf8 16. d5 g6 17. b4 Nh5 {1-0 (43) Meier,G (2647)-Fernandez,D (2496) chess.com INT 2018}) 7. Bh4 Bb7 8. Bd3 {White is slightly better.} d6 9. O-O O-O 10. Qe2 Nbd7 11. a4 a6 12. Rfe1 $146 ({Predecessor:} 12. h3 Nh5 13. Bxe7 Qxe7 14. g3 e5 15. d5 {0-1 (34) Forbes,C (2119)-Tidman,S (2093) Hinckley Island 2009}) 12... e5 13. Nc4 $36 {[%cal Rd4e5][%mdl 2048] Black is under pressure.} Qc7 14. b4 (14. dxe5 $16 dxe5 15. Bxf6 Bxf6 16. Ne3) 14... Rfe8 (14... exd4 $11 {keeps the balance.} 15. cxd4 b5) 15. bxc5 bxc5 16. d5 Nh5 (16... a5 $1 $14) 17. Bxe7 $16 Rxe7 18. g3 g6 19. Nh4 Ng7 20. f4 $2 (20. a5 $18) 20... exf4 $11 21. gxf4 Bxd5 $1 22. Qd2 $1 Bxc4 23. Bxc4 {[#] Hoping for Nxg6.} Kh7 24. Rad1 Nb6 25. Bb3 c4 26. Bc2 {[%mdl 1024] White has compensation.} Qc5+ 27. Kh1 {aiming for f5.} Rd8 $2 (27... Rae8 $11) 28. f5 $18 Qe5 $2 (28... Nd7) 29. Nf3 Qa5 (29... Qc5 {was called for.} 30. f6 Ree8) 30. f6 Ree8 31. fxg7 Kxg7 32. Qd4+ Kg8 33. Qf6 Nxa4 $2 (33... Nd7 34. Qd4 (34. Qxd6 Qxc3 35. Qf4 Qxc2 $17) 34... Qc5) 34. e5 {White wants to mate with Bxg6!} Re6 35. Qh4 g5 $2 (35... Nxc3 36. Ra1 Qc7) 36. Qe4 Nxc3 37. Qh7+ Kf8 {[#]} 38. exd6 (38. Nxg5 $142 $1 {[%mdl 512]} hxg5 39. Rf1 Rf6 40. Qh8+ Ke7 41. Qxf6+ Kd7 42. Qxd6+ Kc8 43. Bf5+ Rd7 44. Qxd7+ Kb8 45. Qc8+ Ka7 46. Rd7+ Qc7 47. Qxc7+ Ka8 48. Rd8#) 38... Rdxd6 39. Rxd6 Rxe1+ 40. Nxe1 Qe5 41. Nf3 ({Not} 41. Rd8+ Ke7 $16) 41... Qxd6 42. Qh8+ Ke7 43. Qxc3 Qd5 44. Kg1 f6 45. Nd2 Qc5+ 46. Kg2 Qd5+ 47. Be4 Qe6 48. Qb4+ Kf7 49. Qxc4 {Bd5 would kill now.} Qxc4 50. Nxc4 Ke6 51. Bb7 h5 52. Bxa6 h4 53. Bc8+ {White mates.} Kd5 54. Ne3+ Kd6 55. Kf3 Ke7 56. Kg4 {Precision: White = 57%, Black = 17%.} 1-0